[Event "?"]
[Site "?"]
[Date "????.??.??"]
[Round "?"]
[White "Checiak, K."]
[Black "Scerbin, D."]
[Result "1/2-1/2"]
[WhiteElo "2149"]
[BlackElo "2369"]
[PlyCount "99"]
[EventDate "27.??.??"]

1. c4 c5 2. Nc3 Nc6 3. Nf3 Nd4 4. e3 Nxf3+ 5. Qxf3 g6 6. b3 Bg7 7. Bb2 a6 8. g3
Rb8 9. Qe2 h5 10. Bg2 h4 11. O-O-O Qa5 12. d4 Nh6 13. Be4 b5 14. Qd3 cxd4 15.
exd4 bxc4 16. Qxc4 O-O 17. Qc5 Qd8 18. Kb1 Ng4 19. Rd2 Nf6 20. Bc2 d5 21. Re1
Re8 22. Rde2 e6 23. Nd1 Bd7 24. Qc3 Bb5 25. Rd2 a5 26. Qf3 Bf8 27. a3 Bh6 28.
Ne3 Bc6 29. gxh4 Ne4 30. Rdd1 Qxh4 31. Ng4 Bg7 32. Rf1 Rec8 33. h3 Rb7 34. Qe3
Bb5 35. Rfe1 Rbc7 36. Bxe4 dxe4 37. Rc1 f5 38. Rxc7 Rxc7 39. Ne5 Bxe5 40. dxe5
Qd8 41. Ka2 a4 42. bxa4 Qd5+ 43. Ka1 Bxa4 44. Rc1 Rb7 45. Rc8+ Kh7 46. Qg5 Qd1+
47. Rc1 Qh5 48. Qf6 Qe2 49. Qh4+ Qh5 50. Qf6 1/2-1/2

[Event "?"]
[Site "?"]
[Date "????.??.??"]
[Round "?"]
[White "Sponheim, M."]
[Black "Gerasimov, A."]
[Result "0-1"]
[WhiteElo "2093"]
[BlackElo "2175"]
[PlyCount "68"]
[EventDate "27.??.??"]

1. e4 c5 2. Nf3 Nc6 3. d4 cxd4 4. Nxd4 Nf6 5. Nc3 d6 6. Bg5 e6 7. Qd2 a6 8.
O-O-O h6 9. Bh4 Be7 10. f3 Nxd4 11. Qxd4 b5 12. g4 Bb7 13. Be2 Qa5 14. a3 e5
15. Qd2 b4 16. axb4 Qa1+ 17. Nb1 Nxe4 18. Qe1 Ng5 19. Rd3 Qa4 20. Rf1 O-O 21.
f4 exf4 22. Rxf4 Rfe8 23. Re3 Bf6 24. Qd2 Rxe3 25. Qxe3 Re8 26. Qd3 Be4 27. Qd2
Qa1 28. Rxf6 gxf6 29. Qxd6 Bxc2 30. Kxc2 Rxe2+ 31. Nd2 Ne4 32. Qb8+ Kg7 33. Kd3
Qd1 34. Bxf6+ Nxf6 0-1

[Event "?"]
[Site "?"]
[Date "????.??.??"]
[Round "?"]
[White "Shajakhmetov, L."]
[Black "Huss, R."]
[Result "1-0"]
[WhiteElo "2013"]
[BlackElo "2150"]
[PlyCount "79"]
[EventDate "27.??.??"]

1. Nf3 d6 2. d4 f5 3. c4 Nf6 4. Nc3 g6 5. g3 Bg7 6. Bg2 O-O 7. O-O Qe8 8. d5
Na6 9. Nd4 Bd7 10. Re1 c6 11. Qd2 Nc5 12. f3 f4 13. gxf4 Nh5 14. e3 e5 15. dxe6
Nxe6 16. Nxe6 Qxe6 17. b3 d5 18. Bb2 d4 19. Na4 dxe3 20. Rxe3 Qf7 21. Bxg7 Qxg7
22. Rae1 Rae8 23. Nc5 Rxe3 24. Rxe3 Bc8 25. Re4 Qf6 26. Nd7 Bxd7 27. Qxd7 Rf7
28. Qc8+ Kg7 29. f5 gxf5 30. Re1 Qd4+ 31. Kh1 Qh4 32. Qe6 Ng3+ 33. Kg1 Ne4 34.
Rf1 Ng5 35. Qe5+ Kg8 36. f4 Nh3+ 37. Bxh3 Qxh3 38. Qe8+ Rf8 39. Qe6+ Rf7 40.
Rf2 1-0

[Event "?"]
[Site "?"]
[Date "????.??.??"]
[Round "?"]
[White "Pakhomov, A."]
[Black "Varezhkin, V."]
[Result "1-0"]
[WhiteElo "2377"]
[BlackElo "2182"]
[PlyCount "65"]
[EventDate "2013.??.??"]

1. b3 c5 2. Bb2 Nc6 3. f4 d5 4. e3 Nf6 5. Nf3 Bg4 6. h3 Bxf3 7. Qxf3 e6 8. Be2
Bd6 9. c4 d4 10. O-O e5 11. Na3 a6 12. Rae1 O-O 13. g4 e4 14. Qg2 d3 15. Bd1
Re8 16. g5 Nd7 17. Nb1 f5 18. gxf6 Nxf6 19. Nc3 Bf8 20. Kh1 Qe7 21. Nd5 Nxd5
22. cxd5 Nb4 23. f5 Qf7 24. Rf4 Nxd5 25. Rxe4 Nf6 26. Rxe8 Rxe8 27. Bf3 b6 28.
e4 Nd7 29. e5 Qxf5 30. Bd5+ Kh8 31. Rf1 Qg6 32. Qxg6 hxg6 33. Bc6 1-0

[Event "?"]
[Site "?"]
[Date "????.??.??"]
[Round "?"]
[White "Stachanczyk, J."]
[Black "Meshkov, I."]
[Result "1-0"]
[WhiteElo "2229"]
[BlackElo "2363"]
[PlyCount "119"]
[EventDate "2013.??.??"]

1. e4 e5 2. Nf3 Nc6 3. Bb5 a6 4. Ba4 Nf6 5. O-O Nxe4 6. d4 b5 7. Bb3 d5 8. dxe5
Be6 9. c3 Bc5 10. Nbd2 Nxf2 11. Rxf2 f6 12. exf6 Bxf2+ 13. Kxf2 Qxf6 14. Nf1
Ne5 15. Bg5 Qf7 16. Qe2 Nxf3 17. Qxf3 Qxf3+ 18. gxf3 c6 19. Re1 Kd7 20. Ng3
Raf8 21. Ne2 h6 22. Be3 Bf5 23. Bc5 Rf7 24. Nd4 Re8 25. Ra1 Bd3 26. a4 bxa4 27.
Bxa4 Rf6 28. Rd1 Bb5 29. Bc2 g5 30. b3 Kc7 31. h3 Rf4 32. Bf5 Kb7 33. Bd7 Rd8
34. Be6 Re8 35. Bd7 Rd8 36. Bf5 Re8 37. Rc1 Rxf5 38. Nxf5 Re2+ 39. Kg3 h5 40.
Nd6+ Kc7 41. c4 dxc4 42. bxc4 Ba4 43. Ra1 Bc2 44. Rxa6 Kd7 45. Ra7+ Ke6 46. Ne4
Bxe4 47. Re7+ Kf5 48. fxe4+ Kf6 49. Re8 Rc2 50. e5+ Kf7 51. Re7+ Kg6 52. Be3
Rxc4 53. Re8 Rc3 54. Kf3 Kf5 55. e6 g4+ 56. hxg4+ hxg4+ 57. Ke2 Ke4 58. Bd2 Rh3
59. e7 Rh2+ 60. Kd1 1-0

[Event "?"]
[Site "?"]
[Date "????.??.??"]
[Round "?"]
[White "Ghadimi, M."]
[Black "Babarykin, S."]
[Result "0-1"]
[WhiteElo "2146"]
[BlackElo "2319"]
[PlyCount "70"]
[EventDate "2013.??.??"]

1. e4 e5 2. Nf3 Nc6 3. Bb5 Nf6 4. Qe2 Bc5 5. c3 O-O 6. O-O Re8 7. d3 h6 8. Nbd2
a6 9. Ba4 b5 10. Bc2 d5 11. h3 Be6 12. Re1 Rb8 13. b4 Bb6 14. Nf1 d4 15. Bd2
Qd6 16. Reb1 dxc3 17. Bxc3 Nh5 18. Qd2 Rbd8 19. a4 Nf4 20. Rd1 Bxh3 21. Bxe5
Rxe5 22. Qxf4 Rg5 23. Nxg5 Qxf4 24. Nxh3 Qd6 25. axb5 axb5 26. Ne3 Nxb4 27. Bb3
Qf6 28. Nd5 Nxd5 29. exd5 Re8 30. Kf1 g5 31. Ra2 Qc3 32. Bc2 b4 33. Ba4 b3 34.
Ra3 Qb4 35. Bxe8 Qxa3 0-1

[Event "?"]
[Site "?"]
[Date "????.??.??"]
[Round "?"]
[White "Dukaczewski, P."]
[Black "Strzelecki, J."]
[Result "1-0"]
[WhiteElo "2280"]
[BlackElo "2094"]
[PlyCount "59"]
[EventDate "2013.??.??"]

1. e4 c5 2. Nf3 Nc6 3. d4 cxd4 4. Nxd4 Qc7 5. Nc3 e6 6. Be3 a6 7. Qd2 Nf6 8.
O-O-O Be7 9. f4 d6 10. Be2 Bd7 11. g4 Nxd4 12. Qxd4 Bc6 13. g5 e5 14. Qd3 Nd7
15. f5 O-O-O 16. Nd5 Nc5 17. Qc4 Bxd5 18. Rxd5 Kb8 19. f6 gxf6 20. gxf6 Bxf6
21. Rf1 Bh4 22. b4 b5 23. Qc3 Nxe4 24. Qb3 Nc3 25. Bd3 Qb7 26. Rxf7 Qxd5 27.
Ba7+ Ka8 28. Qxd5+ Nxd5 29. Be4 Be7 30. Rxe7 1-0

[Event "?"]
[Site "?"]
[Date "????.??.??"]
[Round "?"]
[White "Rudolf, T."]
[Black "Bernardi, R."]
[Result "0-1"]
[WhiteElo "1931"]
[BlackElo "2109"]
[PlyCount "72"]
[EventDate "2013.??.??"]

1. d4 c5 2. c3 Nf6 3. Nf3 e6 4. Bf4 Qb6 5. Qb3 d5 6. e3 c4 7. Qc2 Nh5 8. Bg5 h6
9. Bh4 g5 10. Bg3 Nxg3 11. hxg3 Bg7 12. Nbd2 Nc6 13. e4 Bd7 14. Be2 Qc7 15. Nh2
O-O-O 16. Ng4 f5 17. exf5 exf5 18. Ne3 Ne7 19. O-O-O f4 20. gxf4 Qxf4 21. Rhf1
h5 22. b3 cxb3 23. Qxb3 Kb8 24. Kb2 Bc8 25. Bd3 Rh6 26. Ka1 Rb6 27. Qc2 Bxd4
28. Nb3 Bf6 29. Be2 g4 30. Nd4 Nf5 31. Nexf5 Bxf5 32. Nxf5 Qxf5 33. Bd3 Qe5 34.
Rc1 Rc8 35. Rfe1 Qxc3+ 36. Qxc3 Rxc3 0-1

[Event "?"]
[Site "?"]
[Date "????.??.??"]
[Round "?"]
[White "Mackowiak, M."]
[Black "Gerasimova, O."]
[Result "1/2-1/2"]
[WhiteElo "2174"]
[BlackElo "2089"]
[PlyCount "56"]
[EventDate "2013.??.??"]

1. c4 Nf6 2. Nc3 d5 3. cxd5 Nxd5 4. g3 g6 5. Bg2 Nb6 6. Nf3 Bg7 7. O-O O-O 8.
d3 Nc6 9. Be3 e5 10. Qd2 Re8 11. Bh6 Bh8 12. Rfd1 Nd4 13. Nxd4 exd4 14. Ne4 c6
15. h4 Nd5 16. Rac1 Bg4 17. Re1 Qe7 18. Bg5 f6 19. Bh6 Rad8 20. Rc4 Nb6 21. Rc2
Nd5 22. a3 Bg7 23. Bxg7 Kxg7 24. Kf1 Rf8 25. Rc4 Nb6 26. Rc2 Nd5 27. Rc4 Nb6
28. Rc2 Nd5 1/2-1/2

[Event "?"]
[Site "?"]
[Date "????.??.??"]
[Round "?"]
[White "Suder, R."]
[Black "Anfinogenov, A."]
[Result "1/2-1/2"]
[WhiteElo "2131"]
[BlackElo "2035"]
[PlyCount "65"]
[EventDate "2013.??.??"]

1. e4 c5 2. Nf3 Nc6 3. Bb5 d6 4. O-O Bd7 5. c3 Nf6 6. Re1 a6 7. Bf1 e6 8. d3
Be7 9. h3 O-O 10. Be3 Qc7 11. Nbd2 b5 12. d4 cxd4 13. cxd4 Rac8 14. Rc1 Qb7 15.
Bg5 h6 16. Bh4 Qb6 17. e5 dxe5 18. dxe5 Nd5 19. Bxe7 Ncxe7 20. Qb3 Nc6 21. Qd3
Ndb4 22. Qb1 Nd4 23. a3 Nd5 24. Qe4 Nf5 25. Bd3 g6 26. g4 Nfe7 27. Nd4 Rxc1 28.
Rxc1 Rc8 29. Rxc8+ Bxc8 30. Bf1 Nc6 31. N2f3 Nde7 32. Qe3 Nxd4 33. Nxd4 1/2-1/2

[Event "?"]
[Site "?"]
[Date "????.??.??"]
[Round "?"]
[White "Migala, A."]
[Black "Zimmermann, F."]
[Result "1/2-1/2"]
[WhiteElo "2057"]
[BlackElo "1844"]
[PlyCount "68"]
[EventDate "2013.??.??"]

1. e4 e6 2. d4 d5 3. e5 c5 4. c3 Nc6 5. Nf3 Bd7 6. a3 Qb6 7. b4 cxd4 8. cxd4
Nge7 9. Be3 Nf5 10. Bd3 Nxe3 11. fxe3 Be7 12. O-O O-O 13. Nc3 f5 14. Na4 Qd8
15. Rc1 Rc8 16. Nc5 Bxc5 17. Rxc5 b6 18. Rc2 Nb8 19. Qd2 Rxc2 20. Qxc2 Qc8 21.
Rc1 Qxc2 22. Rxc2 Rc8 23. Rxc8+ Bxc8 24. b5 a6 25. a4 a5 26. Kf2 h6 27. h3 Nd7
28. g4 g6 29. Kg3 Nf8 30. gxf5 gxf5 31. Ne1 Bd7 32. Ng2 Be8 33. Nf4 Bf7 34. Be2
Kg7 1/2-1/2

[Event "?"]
[Site "?"]
[Date "????.??.??"]
[Round "?"]
[White "Markov, I."]
[Black "Kireeva, L."]
[Result "1-0"]
[WhiteElo "1917"]
[BlackElo "2061"]
[PlyCount "95"]
[EventDate "2013.??.??"]

1. e4 c6 2. d4 d5 3. exd5 cxd5 4. Nf3 Nc6 5. c4 Nf6 6. Nc3 e6 7. Be2 Be7 8. O-O
a6 9. Re1 O-O 10. b3 Bb4 11. Bb2 Ne4 12. Qc2 f5 13. a3 Bxc3 14. Bxc3 Qf6 15.
Bb2 h5 16. Rad1 g5 17. Ne5 h4 18. f3 Nd6 19. Qd2 Qg7 20. Nxc6 bxc6 21. Bc1 f4
22. Bb2 Nf5 23. Bf1 Bd7 24. Re5 Rab8 25. b4 Ne3 26. Rxe3 fxe3 27. Qxe3 Rbe8 28.
h3 Qf6 29. Bc1 Qf4 30. Qxf4 gxf4 31. Re1 Re7 32. cxd5 cxd5 33. Bxa6 Rg7 34. Kh2
Kh7 35. Bf1 Kh6 36. Bd2 Kh5 37. b5 Kg5 38. Re5+ Rf5 39. Re1 Rf8 40. Bb4 Ra8 41.
Re5+ Kf6 42. Rh5 Kg6 43. Rxh4 e5 44. dxe5 Kg5 45. g3 fxg3+ 46. Kxg3 Kf5+ 47.
Kf2 Kg5 48. Rd4 1-0

[Event "?"]
[Site "?"]
[Date "????.??.??"]
[Round "?"]
[White "Turkeeva, Y."]
[Black "Mansursky, S."]
[Result "0-1"]
[WhiteElo "2039"]
[BlackElo "1751"]
[PlyCount "100"]
[EventDate "2013.??.??"]

1. e4 c5 2. c3 e5 3. Nf3 Nc6 4. d4 cxd4 5. cxd4 exd4 6. Nxd4 Bb4+ 7. Nc3 a6 8.
Bc4 Qf6 9. Be3 Nge7 10. O-O O-O 11. Bb3 Kh8 12. Bc2 Ne5 13. f4 Nc4 14. Qc1 Nxe3
15. Qxe3 Qb6 16. Rad1 Qa7 17. Kh1 b5 18. Qd3 g6 19. e5 Bc5 20. Nb3 Bb6 21. Qd6
Re8 22. Ne4 Ng8 23. Ng5 Re7 24. Rd3 Kg7 25. Rg3 Qc7 26. Qd3 Bb7 27. h4 Qc4 28.
Qd1 b4 29. h5 Rc8 30. Bd3 Qd5 31. Qe2 Qc6 32. hxg6 hxg6 33. Rc1 Qa4 34. Rxc8
Bxc8 35. Nc1 Qc6 36. Nb3 Qa4 37. Bb1 Qb5 38. Qd1 Bb7 39. Qe1 Qc4 40. Nh3 a5 41.
f5 Re8 42. fxg6 f6 43. exf6+ Nxf6 44. Qd1 Qe6 45. Qc2 Qe1+ 46. Kh2 Rh8 47. Nc5
Be4 48. Qc4 Bd5 49. Qb5 Bc7 50. Qd3 Ng4# 0-1

[Event "?"]
[Site "?"]
[Date "????.??.??"]
[Round "?"]
[White "Andreev, G."]
[Black "Petrov, A."]
[Result "1-0"]
[WhiteElo "1808"]
[BlackElo "2039"]
[PlyCount "75"]
[EventDate "2013.??.??"]

1. e4 c5 2. c3 d5 3. Nf3 Nc6 4. exd5 Qxd5 5. d4 Bg4 6. dxc5 Bxf3 7. Qxf3 Qxf3
8. gxf3 e5 9. b4 a5 10. Bb5 O-O-O 11. Be3 Nge7 12. a3 f5 13. f4 e4 14. Ke2 g6
15. Ra2 Nd5 16. Bxc6 bxc6 17. c4 Nc7 18. Rd2 Bg7 19. Rhd1 axb4 20. axb4 Na6 21.
b5 Nb4 22. Bd4 Bxd4 23. Rxd4 Nd3 24. Rd6 Rxd6 25. cxd6 cxb5 26. cxb5 Rd8 27.
Ke3 Rxd6 28. f3 Kc7 29. fxe4 fxe4 30. Nc3 Re6 31. Nxe4 Nb2 32. Rc1+ Kb6 33. Kd4
Re7 34. Nd6 Re2 35. Rc6+ Ka5 36. b6 Na4 37. b7 Rd2+ 38. Ke3 1-0

[Event "?"]
[Site "?"]
[Date "????.??.??"]
[Round "?"]
[White "Napierala, M."]
[Black "Falkowski, D."]
[Result "0-1"]
[WhiteElo "1737"]
[BlackElo "2013"]
[PlyCount "24"]
[EventDate "2013.??.??"]

1. e4 e5 2. f4 d5 3. exd5 Nf6 4. Bb5+ Nbd7 5. Nc3 a6 6. Bxd7+ Qxd7 7. Nf3 b5 8.
O-O Bb7 9. d4 c5 10. Nxe5 Qc7 11. Re1 g6 12. Qe2 Bg7 0-1

[Event "?"]
[Site "?"]
[Date "????.??.??"]
[Round "?"]
[White "Zimmer, R."]
[Black "Denisov, D."]
[Result "0-1"]
[WhiteElo "1424"]
[BlackElo "1965"]
[PlyCount "164"]
[EventDate "2013.??.??"]

1. e4 e5 2. Nf3 Nc6 3. d4 exd4 4. Bc4 Nf6 5. e5 d5 6. exf6 dxc4 7. O-O Qxf6 8.
Re1+ Be7 9. Bg5 Qd6 10. Bxe7 Nxe7 11. Qxd4 Qxd4 12. Nxd4 Bd7 13. Nc3 Kf8 14.
Ndb5 Bxb5 15. Nxb5 a6 16. Nc3 Rd8 17. Ne4 b6 18. Rad1 Rxd1 19. Rxd1 Ke8 20. Rd4
f6 21. Rxc4 Kd7 22. a4 Rd8 23. g3 Kc8 24. f4 h6 25. h4 f5 26. Nf2 Kb7 27. Nd3
a5 28. Kf2 c5 29. Ke2 Nc8 30. Nxc5+ bxc5 31. Rxc5 g6 32. Rxa5 Nd6 33. Rd5 Kc6
34. Rd4 Re8+ 35. Kf3 Re1 36. b4 Ra1 37. a5 Ra3+ 38. Rd3 Rxd3+ 39. cxd3 Kd5 40.
Ke3 Nb5 41. a6 Kc6 42. a7 Kb7 43. d4 Kxa7 44. Kd3 Kb6 45. Kc4 Kc6 46. d5+ Kb6
47. Kd3 Kc7 48. Kc4 Nd6+ 49. Kd4 Nf7 50. Kc5 h5 51. b5 Kd7 52. b6 Nd8 53. d6
Nb7+ 54. Kd5 Nxd6 55. Kc5 Ne4+ 56. Kb5 Kc8 57. Kc6 Nxg3 58. b7+ Kb8 59. Kd6
Kxb7 60. Ke6 Kc6 61. Kf6 Kd5 62. Kxg6 Ke4 63. Kg5 Ke3 64. Kg6 Kxf4 65. Kf6 Kg4
66. Ke5 f4 67. Kd4 Kf3 68. Kd3 Kg2 69. Kd2 f3 70. Ke1 f2+ 71. Kd2 f1=Q 72. Ke3
Qf5 73. Kd4 Qe6 74. Kd3 Qe4+ 75. Kc3 Qd5 76. Kb4 Ne4 77. Ka4 Qb7 78. Ka5 Kf3
79. Ka4 Qb6 80. Ka3 Qb5 81. Ka2 Nd2 82. Ka1 Qb1# 0-1

[Event "?"]
[Site "?"]
[Date "????.??.??"]
[Round "?"]
[White "Wenzel, A."]
[Black "Gründer, M."]
[Result "1/2-1/2"]
[WhiteElo "1841"]
[BlackElo "2009"]
[PlyCount "60"]
[EventDate "2013.??.??"]

1. e4 g6 2. d4 Bg7 3. f4 d5 4. e5 c5 5. c3 cxd4 6. cxd4 Nc6 7. Nf3 Bg4 8. Bb5
Nh6 9. O-O Nf5 10. Nc3 O-O 11. Bxc6 bxc6 12. h3 Bxf3 13. Rxf3 Qb6 14. Ne2 e6
15. b3 f6 16. Ba3 Rf7 17. Bc5 Qc7 18. Rc1 fxe5 19. fxe5 Bf8 20. Nf4 Qd7 21. Nd3
Bxc5 22. Nxc5 Qe7 23. Qd3 Raf8 24. Rcf1 Ng7 25. b4 Rxf3 26. Rxf3 Rxf3 27. Qxf3
Nf5 28. Qf2 Qf7 29. g4 Ne7 30. Qxf7+ Kxf7 1/2-1/2

[Event "?"]
[Site "?"]
[Date "????.??.??"]
[Round "?"]
[White "Kohnen, K."]
[Black "Krause, S."]
[Result "0-1"]
[WhiteElo "1399"]
[BlackElo "1961"]
[PlyCount "88"]
[EventDate "2013.??.??"]

1. e4 c5 2. Nf3 Nc6 3. d4 cxd4 4. Nxd4 Nf6 5. Nc3 g6 6. Be3 Bg7 7. Bc4 Qa5 8.
O-O O-O 9. f4 Qb4 10. Bb3 Nxe4 11. Nxe4 Bxd4 12. Bxd4 Qxd4+ 13. Qxd4 Nxd4 14.
c3 Nxb3 15. axb3 d5 16. Ng3 Bd7 17. Rad1 Bc6 18. Rfe1 e6 19. Ne2 Rab8 20. Nd4
Rfc8 21. Kf2 Rc7 22. g4 Re8 23. Re3 Rce7 24. Rde1 Bd7 25. f5 Kg7 26. Rf3 exf5
27. Rxe7 Rxe7 28. gxf5 f6 29. fxg6 hxg6 30. Kg3 f5 31. h4 Kf6 32. Kf2 Re4 33.
Kg3 Ke5 34. Rf2 f4+ 35. Kg2 Bg4 36. Nf3+ Bxf3+ 37. Rxf3 Re2+ 38. Rf2 Rxf2+ 39.
Kxf2 Ke4 40. Ke2 f3+ 41. Kf2 Kf4 42. b4 b5 43. b3 a6 44. c4 bxc4 0-1

[Event "?"]
[Site "?"]
[Date "????.??.??"]
[Round "?"]
[White "Malina, O."]
[Black "Tsapalin, S."]
[Result "0-1"]
[WhiteElo "1790"]
[BlackElo "1975"]
[PlyCount "64"]
[EventDate "2013.??.??"]

1. e4 c5 2. Nf3 d6 3. d4 cxd4 4. Nxd4 Nf6 5. Nc3 g6 6. Bb5+ Bd7 7. Bd3 Bg7 8.
O-O O-O 9. Be3 Ng4 10. Qd2 Nxe3 11. Qxe3 Nc6 12. Nxc6 bxc6 13. Qd2 Qa5 14. Rfd1
Rfb8 15. Rab1 Rxb2 16. Rxb2 Bxc3 17. Qc1 Bxb2 18. Qxb2 Qb6 19. Qb3 Be6 20. c4
Rb8 21. Qc2 Bg4 22. Rb1 Qxb1+ 23. Qxb1 Rxb1+ 24. Bxb1 Be2 25. c5 dxc5 26. Bc2
Kg7 27. f4 Bc4 28. Bb3 Bd3 29. e5 c4 30. Ba4 c3 31. Kf2 c2 32. Bxc2 Bxc2 0-1

[Event "?"]
[Site "?"]
[Date "????.??.??"]
[Round "?"]
[White "Kurochkina, E."]
[Black "Mende, H."]
[Result "0-1"]
[WhiteElo "1812"]
[BlackElo "1730"]
[PlyCount "94"]
[EventDate "2013.??.??"]

1. d4 Nf6 2. c4 e6 3. Nf3 d5 4. Nc3 b6 5. cxd5 Nxd5 6. e4 Nxc3 7. bxc3 Bb7 8.
Bd3 Be7 9. O-O O-O 10. Qc2 c5 11. Rd1 cxd4 12. cxd4 Nd7 13. Bf4 h6 14. Rac1 Ba3
15. Rb1 Nf6 16. Qb3 Be7 17. Re1 Qd7 18. Rbc1 Rfc8 19. Rcd1 Qe8 20. Bb5 Qf8 21.
Nd2 a6 22. Bd3 Qd8 23. Nc4 b5 24. Ne5 Qxd4 25. Ng6 Qc5 26. e5 Nd5 27. Nxe7+
Qxe7 28. Bg3 Rc3 29. Qb1 Rac8 30. h3 Qa3 31. Be4 R3c4 32. Qa1 R8c7 33. Kh2 Qc3
34. Qb1 Rb4 35. Qc1 Qxc1 36. Rxc1 Rxe4 37. Rxc7 Nxc7 38. Rc1 Rc4 39. Rd1 Bd5
40. Rd3 Ra4 41. a3 a5 42. Rc3 Bc4 43. f3 Nd5 44. Rc1 Rxa3 45. Bf2 Ra2 46. Bc5
Nf4 47. Kh1 Nd3 0-1

[Event "?"]
[Site "?"]
[Date "????.??.??"]
[Round "?"]
[White "Michalowski, R."]
[Black "Vasquez, G."]
[Result "0-1"]
[WhiteElo "1795"]
[BlackElo "2013"]
[PlyCount "64"]
[EventDate "2013.??.??"]

1. c4 Nf6 2. Nc3 g6 3. g3 Bg7 4. Bg2 O-O 5. e3 e5 6. Nge2 d6 7. d4 Nbd7 8. O-O
Rb8 9. b3 a6 10. Bb2 b6 11. Rc1 Bb7 12. d5 Ne8 13. e4 f5 14. f4 fxe4 15. Nxe4
h6 16. Qd2 Kh7 17. Rf2 Nef6 18. Nxf6+ Bxf6 19. Rcf1 Qe7 20. Qc2 Qg7 21. Be4
Rbe8 22. Rg2 Nc5 23. fxe5 Bxe5 24. Bxe5 Rxf1+ 25. Kxf1 Rxe5 26. Bf3 Bc8 27. g4
Re3 28. Rg3 Qe5 29. b4 Ne4 30. Bxe4 Rxe4 31. Kf2 Bxg4 32. Nc3 Rxc4 0-1